000 00572 a2200193 4500
001 61680
005 20260407155907.0
008 260407a1978 arg spa d
003 AR-UNSa-BCEJYS
040 _aAR-UNSa-BCEJYS
_bspa
_cAR-UNSa-BCEJYS
080 _a347.44
_xContratos en general. Obligaciones
245 1 0 _aLos contratos preparatorios
_pSu incidencia en el derecho comercial
264 1 _aBuenos Aires :
_bAbaco
_c1978
300 _a161 p.
_c23 cm.
041 _aspa
942 _cBK
590 _aniveau_biblio:m niveau_hierar:0
100 1 _aWilliams, Jorge N.
999 _c7356
_d7356